000 02870cam a2200169 4500500
005 20260208010457.0
041 _afre
042 _adc
100 1 0 _aSénac, Philippe
_eauthor
245 0 0 _aDominique Valérian, Ports et réseaux d’échanges dans le Maghreb médiéval, Madrid, Casa de Velázquez, 2019 ; 1 vol., VI–355 p. (Bibliothèque de la Casa de Velázquez, 77). ISBN : 978-8490961766. Prix : € 27,00
260 _c2021.
500 _a82
520 _aMalgré la notoriété du court épisode du roi enceint d’ Aucassin et Nicolette, le dossier sur le personnage de l’homme enceint, constitué en partie par R. Zapperi, reste incomplet, alors qu’il est continuement présent dans la tradition ésopique issue du Romulus de Nilant ( Romulus hexamétrique, Marie de France, Berekhiah). Si son apparition n’est peut-être d’abord due qu’à une erreur de lecture qui déforma l’apologue latin de la Montagne qui accouche, son influence dut ainsi être importante dans l’espace anglo-normand : il reparaît également sur la broderie de Bayeux ainsi que dans au moins un texte satirique proche (Serlon de Bayeux). En retraçant l’histoire complète de ce personnage du ixe au début du xiiie siècle, il est possible de contextualiser son apparition dans la chantefable pour mettre définitivement de côté l’hypothèse folklorique de la « couvade » et établir son existence en tant que motif littéraire, influencé dans la fable par l’humour farcesque du fabliau naissant, dans la chantefable par celui du carnaval.
520 _aAlthough the short episode of the “pregnant king” from Aucassin and Nicolette is well known, a complete study of the pregnant man character-type, undertaken in part by Zapperi, is still lacking, notably by failing to fully take into consideration its mainstay status in the Aesopic tradition, starting with the Romulus of Nilant and continued in Hexametrical Romulus, Marie de France, and Berekhiah. Despite being nothing more, at first, than a likely misreading of the Latin apologue of the Mountain in Labour, it had a major influence in the Anglo-Norman area. It reappeared on the Bayeux Tapestry and in at least one satirical text from the time period (Serlon de Bayeux). Establishing the full history of this character, from the ninth century up until the beginning of the thirteenth, enables a better contextualization of its presence in the chantefable. We can thus definitively discard the old “couvade” folkloric hypothesis and fully embrace its existence as a literary motif, influenced in fables by the nascent fabliau’s farcical humor and in the chantefable by that of the carnival.
786 0 _nLe Moyen Age | CXXVI | 3 | 2021-03-24 | p. XV-XV | 0027-2841
856 4 1 _uhttps://shs.cairn.info/revue-le-moyen-age-2020-3-page-XV?lang=fr&redirect-ssocas=7080
999 _c1656724
_d1656724